| 000 | 00593cam a22001697a 4500 | ||
|---|---|---|---|
| 008 | 180718b2008 xxu||||| |||| 00| 0 eng d | ||
| 020 | _a8131601625 | ||
| 082 | _aBA27x54 T39i | ||
| 245 |
_aIn search of inclusive policy: addressing graded inequality _cedited by Sukhadeo Thorat an Narender Kumar |
||
| 260 |
_aJaipur _bRawat and Indian Institute of Dalit Studies _c2008 |
||
| 300 | _a399p. | ||
| 650 | _aEducation and state - India | ||
| 650 | _aReverse discrimination - India | ||
| 650 | _aPeople with social disabilities - India | ||
| 700 | _aNarender Kumar | ||
| 700 | _aThorat, Sukhadeo | ||
| 999 |
_c407736 _d407736 |
||